Interkulturálny prístup k štúdiu vplyvu referenčných mechanizmov na kúpne správanie spotrebiteľa

Uložené v:
Podrobná bibliografia
Hlavný autor: Štetka, Peter, 1986-
Médium: Kapitola
Jazyk:English
Slovak
Tagy: Pridať tag
Žiadne tagy, Buďte prvý, kto otaguje tento záznam!

MARC

LEADER 00000nla a2200000 4500
001 0195000
005 20240502073253.1
041 0 |a eng 
041 0 |a slo 
044 |a SK 
245 1 0 |a Interkulturálny prístup k štúdiu vplyvu referenčných mechanizmov na kúpne správanie spotrebiteľa  |c Peter Štetka 
500 |a Abstrakt 
100 1 |a Štetka, Peter, 1986-